[Event "Robert Silk Lady Masters"]
[Site "London, Great Eastern Hotel"]
[Date "1984.07.15"]
[Round "1"]
[White "Khadilkar, Rohini"]
[Black "Milligan, Helen"]
[Result "1/2-1/2"]
[WhiteElo "2115"]
[BlackElo "1920"]
[PlyCount "84"]
[EventDate "1984.07.15"]
[EventType "tourn"]
[EventRounds "9"]
[EventCountry "ENG"]
[SourceTitle "BritBase"]
[Source "John Saunders"]
[SourceDate "2020.09.07"]
[SourceVersion "1"]
[SourceVersionDate "2020.09.07"]
[SourceQuality "2"]

1. e4 e5 2. Nf3 Nf6 3. Nc3 Nc6 4. d4 d6 5. dxe5 Ng4 6. exd6 Bxd6 7. h3 Nf6 8.
Bc4 O-O 9. O-O Ne5 10. Bb3 a5 11. a4 Bd7 12. Bf4 Qe7 13. Re1 Nxf3+ 14. Qxf3 Bc6
15. Bxd6 cxd6 16. Rad1 Rfe8 17. Qg3 Rad8 18. f3 h6 19. Nd5 Bxd5 20. Bxd5 Nxd5
21. Rxd5 Qc7 22. c3 Re6 23. Red1 Rg6 24. Qf2 Re8 25. Qd4 Ree6 26. f4 Qe7 27.
Re1 Qh4 28. Qf2 Rxg2+ 29. Kxg2 Rg6+ 30. Kf3 Qxh3+ 31. Ke2 Rg2 32. Rf1 Rxf2+ 33.
Rxf2 h5 34. Rxd6 Qg4+ 35. Ke3 Qg3+ 36. Ke2 h4 37. Rd2 h3 38. Kd1 Qe3 39. e5 Qe4
40. Kc1 Qxa4 41. Rd8+ Kh7 42. Rd3 Qa1+ 1/2-1/2

[Event "Robert Silk Lady Masters"]
[Site "London, Great Eastern Hotel"]
[Date "1984.07.15"]
[Round "1"]
[White "Needham, Teresa"]
[Black "Khadilkar, Vasanti"]
[Result "1-0"]
[WhiteElo "2075"]
[BlackElo "1970"]
[PlyCount "55"]
[EventDate "1984.07.15"]
[EventType "tourn"]
[EventRounds "9"]
[EventCountry "ENG"]
[SourceTitle "BritBase"]
[Source "John Saunders"]
[SourceDate "2020.09.07"]
[SourceVersion "1"]
[SourceVersionDate "2020.09.07"]
[SourceQuality "2"]

1. e4 e5 2. Nf3 Nc6 3. Bb5 Bc5 4. O-O Nd4 5. Nxd4 Bxd4 6. c3 Bb6 7. Na3 c6 8.
Ba4 Nf6 9. Qe2 O-O 10. d3 h6 11. Bc2 d6 12. Nc4 Bc7 13. f4 exf4 14. Bxf4 d5 15.
Bxc7 Qxc7 16. exd5 Nxd5 17. d4 Bd7 18. Ne5 Rae8 19. Qd3 f5 20. Qh3 Ne7 21. Bb3+
Nd5 22. Ng6 Rf6 23. Nf4 Qa5 24. Qf3 Re4 25. Rae1 Kh7 26. Rxe4 fxe4 27. Qxe4+
Bf5 28. Qe5 1-0

[Event "Robert Silk Lady Masters"]
[Site "London, Great Eastern Hotel"]
[Date "1984.07.15"]
[Round "1"]
[White "Norman, Dinah"]
[Black "Lalic, Susan Kathryn"]
[Result "0-1"]
[WhiteElo "2015"]
[BlackElo "1945"]
[PlyCount "84"]
[EventDate "1984.07.15"]
[EventType "tourn"]
[EventRounds "9"]
[EventCountry "ENG"]
[SourceTitle "BritBase"]
[Source "John Saunders"]
[SourceDate "2020.09.07"]
[SourceVersion "1"]
[SourceVersionDate "2020.09.07"]
[SourceQuality "2"]

1. d4 e6 2. e4 d5 3. Nd2 Nf6 4. e5 Nfd7 5. Bd3 c5 6. c3 Nc6 7. Ne2 cxd4 8. cxd4
f6 9. exf6 Nxf6 10. Nf3 Bd6 11. O-O Qc7 12. Nc3 a6 13. Re1 O-O 14. Bb1 Kh8 15.
a3 Ng4 16. h3 Bh2+ 17. Kf1 Nxf2 18. Qc2 Ne4 19. Nxe4 dxe4 20. Qxe4 g6 21. Bh6
Bd7 22. Bxf8 Rxf8 23. Rd1 Qb8 24. Qh4 Kg7 25. Qf2 Qc7 26. Bd3 Qd6 27. Be2 Ne7
28. Qe3 Nf5 29. Qc3 Ng3+ 30. Ke1 Ne4 31. Qe3 Bc6 32. Nxh2 Qxh2 33. Bf3 Qh1+ 34.
Ke2 Bb5+ 35. Rd3 Qxa1 36. Qxe4 Bxd3+ 37. Kxd3 Qb1+ 38. Kc3 Rc8+ 39. Kb3 Qxe4
40. Bxe4 Rc7 41. d5 Kf6 42. dxe6 Kxe6 0-1

[Event "Robert Silk Lady Masters"]
[Site "London, Great Eastern Hotel"]
[Date "1984.07.16"]
[Round "2"]
[White "Hoiberg, Nina"]
[Black "Khadilkar, Rohini"]
[Result "0-1"]
[WhiteElo "2120"]
[BlackElo "2115"]
[PlyCount "60"]
[EventDate "1984.07.15"]
[EventType "tourn"]
[EventRounds "9"]
[EventCountry "ENG"]
[SourceTitle "BritBase"]
[Source "John Saunders"]
[SourceDate "2020.09.07"]
[SourceVersion "1"]
[SourceVersionDate "2020.09.07"]
[SourceQuality "2"]

1. e4 e5 2. Nf3 Nc6 3. Bc4 Nf6 4. d4 exd4 5. e5 d5 6. Bb5 Ne4 7. Nxd4 Bd7 8.
Bxc6 bxc6 9. O-O Be7 10. f3 Nc5 11. f4 Ne4 12. f5 Bc5 13. e6 fxe6 14. fxe6 Bxe6
15. Qh5+ Kd7 16. Qe5 Qe7 17. Be3 Raf8 18. Nc3 Bd6 19. Qxe6+ Qxe6 20. Nxe6 Kxe6
21. Nxe4 dxe4 22. Bd4 Be5 23. Rad1 Rxf1+ 24. Kxf1 Rd8 25. Bxe5 Rxd1+ 26. Ke2
Rg1 27. Kf2 Rxg2+ 28. Kxg2 Kxe5 29. Kg3 g5 30. c3 h5 0-1

[Event "Robert Silk Lady Masters"]
[Site "London, Great Eastern Hotel"]
[Date "1984.07.16"]
[Round "2"]
[White "Khadilkar, Jayshree"]
[Black "Hamid, Rani"]
[Result "1-0"]
[WhiteElo "1970"]
[BlackElo "2135"]
[PlyCount "120"]
[EventDate "1984.07.15"]
[EventType "tourn"]
[EventRounds "9"]
[EventCountry "ENG"]
[SourceTitle "BritBase"]
[Source "John Saunders"]
[SourceDate "2020.09.07"]
[SourceVersion "1"]
[SourceVersionDate "2020.09.07"]
[SourceQuality "2"]

1. e4 c5 2. Nf3 e6 3. d4 cxd4 4. Nxd4 a6 5. Nc3 Qc7 6. g3 Nf6 7. Bg2 Nc6 8. O-O
Be7 9. Re1 O-O 10. Nxc6 dxc6 11. e5 Nd5 12. Ne4 Rd8 13. Qh5 g6 14. Qe2 Qxe5 15.
c4 Nb4 16. Bd2 Qc7 17. Bc3 e5 18. a3 Nd3 19. Red1 f5 20. Rxd3 Rxd3 21. Qxd3
fxe4 22. Qxe4 Bf6 23. Re1 Bf5 24. Qe2 Rd8 25. Be4 Bd7 26. f4 Kg7 27. Bg2 Qb6+
28. Kh1 e4 29. Bxf6+ Kxf6 30. Bxe4 Re8 31. Qd2 Be6 32. Bg2 Kf7 33. Qc3 Qf2 34.
Rf1 Qe2 35. Re1 Qxc4 36. Qxc4 Bxc4 37. Rxe8 Kxe8 38. Kg1 Ke7 39. Kf2 Kd6 40.
Ke3 a5 41. g4 Be6 42. Bf3 b5 43. h3 c5 44. Be4 b4 45. f5 gxf5 46. Bxf5 Bxf5 47.
gxf5 c4 48. axb4 axb4 49. Kd4 c3 50. bxc3 b3 51. Kd3 Ke5 52. Kd2 Kxf5 53. Kc1
h5 54. Kb2 Ke5 55. Kxb3 Kd5 56. Kb4 Kc6 57. h4 Kb6 58. Kc4 Kc6 59. Kd4 Kd6 60.
Ke4 Ke6 1-0

[Event "Robert Silk Lady Masters"]
[Site "London, Great Eastern Hotel"]
[Date "1984.07.16"]
[Round "2"]
[White "Lalic, Susan Kathryn"]
[Black "Khadilkar, Vasanti"]
[Result "1-0"]
[WhiteElo "1945"]
[BlackElo "1970"]
[PlyCount "51"]
[EventDate "1984.07.15"]
[EventType "tourn"]
[EventRounds "9"]
[EventCountry "ENG"]
[SourceTitle "BritBase"]
[Source "John Saunders"]
[SourceDate "2020.09.07"]
[SourceVersion "1"]
[SourceVersionDate "2020.09.07"]
[SourceQuality "2"]

1. e4 e5 2. Bc4 Nc6 3. Nf3 Nf6 4. d3 Be7 5. O-O d6 6. c3 O-O 7. Nbd2 d5 8. Bb5
dxe4 9. dxe4 Bg4 10. h3 Bxf3 11. Qxf3 Nb8 12. Rd1 c6 13. Bc4 Qc7 14. Nf1 Nbd7
15. Ng3 b5 16. Bb3 Nc5 17. Bc2 Rfd8 18. Be3 a5 19. Nf5 Ne6 20. Rxd8+ Rxd8 21.
Qg3 Bf8 22. Nh6+ Kh8 23. Qxe5 Bd6 24. Qf5 Rf8 25. e5 Bxe5 26. Ng4 1-0

[Event "Robert Silk Lady Masters"]
[Site "London, Great Eastern Hotel"]
[Date "1984.07.16"]
[Round "2"]
[White "Milligan, Helen"]
[Black "Needham, Teresa"]
[Result "1/2-1/2"]
[WhiteElo "1920"]
[BlackElo "2075"]
[PlyCount "67"]
[EventDate "1984.07.15"]
[EventType "tourn"]
[EventRounds "9"]
[EventCountry "ENG"]
[SourceTitle "BritBase"]
[Source "John Saunders"]
[SourceDate "2020.09.07"]
[SourceVersion "1"]
[SourceVersionDate "2020.09.07"]
[SourceQuality "2"]

1. e4 e5 2. Nf3 Nf6 3. Nxe5 d6 4. Nf3 Nxe4 5. Nc3 Nxc3 6. dxc3 Be7 7. Be2 O-O
8. O-O Nc6 9. Be3 Bf5 10. Nd4 Nxd4 11. cxd4 d5 12. Bf4 Re8 13. Qd2 Qd7 14. Rfe1
Bf6 15. c3 Re7 16. Bf3 Be4 17. Bxe4 dxe4 18. Rad1 Qd5 19. b3 Rd8 20. Be3 Qh5
21. Qe2 Qxe2 22. Rxe2 c5 23. Red2 cxd4 24. Bxd4 Bxd4 25. Rxd4 Rxd4 26. Rxd4 f5
27. c4 Kf7 28. Kf1 Ke6 29. Ke2 b6 30. Ke3 h6 31. f3 exf3 32. Kxf3 Rc7 33. h4 g6
34. g3 1/2-1/2

[Event "Robert Silk Lady Masters"]
[Site "London, Great Eastern Hotel"]
[Date "1984.07.16"]
[Round "2"]
[White "Norman, Dinah"]
[Black "Hepworth, Mandy"]
[Result "0-1"]
[WhiteElo "2015"]
[BlackElo "1900"]
[PlyCount "62"]
[EventDate "1984.07.15"]
[EventType "tourn"]
[EventRounds "9"]
[EventCountry "ENG"]
[SourceTitle "BritBase"]
[Source "John Saunders"]
[SourceDate "2020.09.07"]
[SourceVersion "1"]
[SourceVersionDate "2020.09.07"]
[SourceQuality "2"]

1. d4 Nf6 2. Nf3 e6 3. Bg5 d5 4. c4 Be7 5. e3 b6 6. Nc3 Bb7 7. Bxf6 Bxf6 8.
cxd5 exd5 9. Bd3 O-O 10. O-O Re8 11. Rc1 Na6 12. a3 c5 13. Ne2 c4 14. Bb1 b5
15. Ng3 g6 16. Qd2 Nc7 17. Qa5 Qd7 18. Rfe1 Ne6 19. Qd2 Ng5 20. Nxg5 Bxg5 21.
Bc2 h5 22. h3 a5 23. Qe2 b4 24. axb4 axb4 25. Ra1 Bf6 26. Qf3 Bg7 27. Nf1 b3
28. Rxa8 Bxa8 29. Bb1 Bxd4 30. Qe2 Bg7 31. Nh2 Qc6 0-1

[Event "Robert Silk Lady Masters"]
[Site "London, Great Eastern Hotel"]
[Date "1984.07.17"]
[Round "3"]
[White "Hamid, Rani"]
[Black "Norman, Dinah"]
[Result "0-1"]
[WhiteElo "2135"]
[BlackElo "2015"]
[PlyCount "90"]
[EventDate "1984.07.15"]
[EventType "tourn"]
[EventRounds "9"]
[EventCountry "ENG"]
[SourceTitle "BritBase"]
[Source "John Saunders"]
[SourceDate "2020.09.07"]
[SourceVersion "1"]
[SourceVersionDate "2020.09.07"]
[SourceQuality "2"]

1. e4 d5 2. exd5 Qxd5 3. Nf3 Nf6 4. Nc3 Qa5 5. Be2 Bg4 6. O-O e6 7. d4 c6 8.
Ne5 Bxe2 9. Qxe2 Be7 10. Rd1 O-O 11. Rd3 Qd8 12. Bd2 Nbd7 13. a4 Qa5 14. Rg3
Rfe8 15. Bh6 g6 16. Re1 Bf8 17. Bg5 Qc7 18. Nxd7 Nxd7 19. Qd2 Bg7 20. Re4 Qd6
21. Rh4 Qb4 22. Rgh3 Nf8 23. Qc1 f5 24. Rd3 Qb6 25. Ne2 e5 26. dxe5 Bxe5 27.
Rb3 Qc7 28. Be3 Qe7 29. g3 Bf6 30. Rh3 Ne6 31. f4 Nc5 32. Bxc5 Qxc5+ 33. Kf1
Qd5 34. Rd3 Qh1+ 35. Ng1 Qe4 36. Qd2 Qxa4 37. Nf3 Qe4 38. Kf2 Rad8 39. Ng5 Bxg5
40. fxg5 Rxd3 41. cxd3 Qd4+ 42. Kg2 Re3 43. Qa5 Qxb2+ 44. Kh1 Qc1+ 45. Kg2 Re2+
0-1

[Event "Robert Silk Lady Masters"]
[Site "London, Great Eastern Hotel"]
[Date "1984.07.17"]
[Round "3"]
[White "Hepworth, Mandy"]
[Black "Lalic, Susan Kathryn"]
[Result "0-1"]
[WhiteElo "1900"]
[BlackElo "1945"]
[PlyCount "74"]
[EventDate "1984.07.15"]
[EventType "tourn"]
[EventRounds "9"]
[EventCountry "ENG"]
[SourceTitle "BritBase"]
[Source "John Saunders"]
[SourceDate "2020.09.07"]
[SourceVersion "1"]
[SourceVersionDate "2020.09.07"]
[SourceQuality "2"]

1. e4 e6 2. d4 d5 3. Nd2 Nf6 4. e5 Nfd7 5. f4 c5 6. c3 Nc6 7. Ndf3 Qb6 8. g3
cxd4 9. cxd4 Bb4+ 10. Kf2 f6 11. Kg2 O-O 12. Bd3 Kh8 13. Ne2 fxe5 14. fxe5 Rxf3
15. Kxf3 Nxd4+ 16. Kg2 Nc6 17. Nf4 Ncxe5 18. Qh5 Nxd3 19. Qe8+ Nf8 20. Nxd3 e5
21. Qxe5 Bd6 22. Qe3 d4 23. Qe2 Qc6+ 24. Qf3 Qc2+ 25. Nf2 Bd7 26. Qd3 Bc6+ 27.
Kg1 Qc5 28. h4 Ng6 29. Ng4 Qd5 30. Rh2 Nxh4 31. Kf2 Bb5 32. Qb3 Bc4 33. Qd1
Rf8+ 34. Bf4 Bxf4 35. gxf4 Rxf4+ 36. Kg1 Nf3+ 37. Kh1 Ne1+ 0-1

[Event "Robert Silk Lady Masters"]
[Site "London, Great Eastern Hotel"]
[Date "1984.07.17"]
[Round "3"]
[White "Khadilkar, Rohini"]
[Black "Khadilkar, Jayshree"]
[Result "1/2-1/2"]
[WhiteElo "2115"]
[BlackElo "1970"]
[PlyCount "26"]
[EventDate "1984.07.15"]
[EventType "tourn"]
[EventRounds "9"]
[EventCountry "ENG"]
[SourceTitle "BritBase"]
[Source "John Saunders"]
[SourceDate "2020.09.07"]
[SourceVersion "1"]
[SourceVersionDate "2020.09.07"]
[SourceQuality "2"]

1. Nf3 Nf6 2. b3 b6 3. Bb2 Bb7 4. c4 g6 5. Nc3 Bg7 6. d4 O-O 7. e3 e6 8. Bd3 d5
9. O-O Nbd7 10. Rc1 Rc8 11. cxd5 exd5 12. Ne2 Ne4 13. Ba3 Re8 1/2-1/2

[Event "Robert Silk Lady Masters"]
[Site "London, Great Eastern Hotel"]
[Date "1984.07.17"]
[Round "3"]
[White "Khadilkar, Vasanti"]
[Black "Milligan, Helen"]
[Result "1/2-1/2"]
[WhiteElo "1970"]
[BlackElo "1920"]
[PlyCount "36"]
[EventDate "1984.07.15"]
[EventType "tourn"]
[EventRounds "9"]
[EventCountry "ENG"]
[SourceTitle "BritBase"]
[Source "John Saunders"]
[SourceDate "2020.09.07"]
[SourceVersion "1"]
[SourceVersionDate "2020.09.07"]
[SourceQuality "2"]

1. e4 e5 2. Nf3 Nf6 3. Nc3 Nc6 4. d4 exd4 5. Nxd4 Bb4 6. Nxc6 bxc6 7. Bd3 d6 8.
O-O Bxc3 9. bxc3 Qe7 10. Bg5 Qe5 11. Bxf6 Qxf6 12. Qd2 O-O 13. Rfe1 Re8 14. Bc4
Be6 15. Bxe6 Rxe6 16. Re3 Rae8 17. Rb1 Qe7 18. Rbe1 h6 1/2-1/2

[Event "Robert Silk Lady Masters"]
[Site "London, Great Eastern Hotel"]
[Date "1984.07.17"]
[Round "3"]
[White "Needham, Teresa"]
[Black "Hoiberg, Nina"]
[Result "0-1"]
[WhiteElo "2075"]
[BlackElo "2120"]
[PlyCount "120"]
[EventDate "1984.07.15"]
[EventType "tourn"]
[EventRounds "9"]
[EventCountry "ENG"]
[SourceTitle "BritBase"]
[Source "John Saunders"]
[SourceDate "2020.09.07"]
[SourceVersion "1"]
[SourceVersionDate "2020.09.07"]
[SourceQuality "2"]

1. e4 e5 2. Nf3 Nc6 3. Bb5 Nd4 4. Nxd4 exd4 5. O-O c6 6. Bc4 Nf6 7. Re1 d6 8.
c3 Qb6 9. Qf3 Be7 10. cxd4 Qxd4 11. d3 O-O 12. Nc3 Ng4 13. Ne2 Qc5 14. Qg3 Bf6
15. h3 Ne5 16. Be3 Qa5 17. Bd4 b5 18. Bb3 Qd8 19. Bc3 Bh4 20. Qe3 Be6 21. Rec1
Bxb3 22. axb3 Ng6 23. Rxa7 Rxa7 24. Qxa7 c5 25. d4 Qf6 26. Rf1 Qe6 27. f3 Qxb3
28. dxc5 b4 29. cxd6 bxc3 30. bxc3 Qc4 31. Qe3 Ne5 32. Rd1 Nd7 33. Qd3 Qc5+ 34.
Qd4 Qa3 35. e5 Bd8 36. Qd5 Bb6+ 37. Kh2 Qa8 38. Qb5 Qe8 39. f4 Qe6 40. Nd4 Bxd4
41. Rxd4 Rb8 42. Qc6 g5 43. Rb4 Rxb4 44. cxb4 gxf4 45. b5 Nxe5 46. Qc7 f3 47.
b6 f2 48. b7 f1=Q 49. b8=Q+ Kg7 50. Qb2 Qef6 51. Qcc3 Q1f4+ 52. g3 Qf2+ 53.
Qxf2 Qxf2+ 54. Kh1 Qf1+ 55. Kh2 Qe2+ 56. Kh1 Qd1+ 57. Kg2 Qxd6 58. Kf2 Qf6+ 59.
Ke2 Ng4 60. Qb3 Qf2+ 0-1

[Event "Robert Silk Lady Masters"]
[Site "London, Great Eastern Hotel"]
[Date "1984.07.18"]
[Round "4"]
[White "Hepworth, Mandy"]
[Black "Hamid, Rani"]
[Result "0-1"]
[WhiteElo "1900"]
[BlackElo "2135"]
[PlyCount "142"]
[EventDate "1984.07.15"]
[EventType "tourn"]
[EventRounds "9"]
[EventCountry "ENG"]
[SourceTitle "BritBase"]
[Source "John Saunders"]
[SourceDate "2020.09.07"]
[SourceVersion "1"]
[SourceVersionDate "2020.09.07"]
[SourceQuality "2"]

1. e4 c5 2. Nf3 e6 3. d4 cxd4 4. Nxd4 a6 5. Nc3 Qc7 6. Be2 Bb4 7. Qd3 Nf6 8.
Bf3 Nc6 9. Nxc6 dxc6 10. Bg5 Qe5 11. Bh4 O-O 12. Bg3 Qa5 13. O-O e5 14. a3 Bxc3
15. Qxc3 Qxc3 16. bxc3 Re8 17. Rfb1 Nd7 18. a4 a5 19. Bg4 Nc5 20. Bxc8 Raxc8
21. f3 Re7 22. Bf2 Ne6 23. Rb2 f6 24. Rab1 b5 25. axb5 cxb5 26. Rxb5 Rxc3 27.
Rxa5 Rxc2 28. Ra8+ Kf7 29. Rab8 Nf4 30. R8b2 Rxb2 31. Rxb2 Rd7 32. h3 h5 33.
Kh2 g5 34. h4 g4 35. Ra2 Rd3 36. g3 Ne6 37. fxg4 hxg4 38. Kg2 Rb3 39. Rd2 Rb4
40. Re2 Rc4 41. Kf1 Ng7 42. Ke1 Ne8 43. Kd2 Nd6 44. Kd3 Ke6 45. Bg1 Rb4 46. Bf2
Rb3+ 47. Kc2 Ra3 48. Kd2 Ra2+ 49. Kd3 Rxe2 50. Kxe2 Nxe4 51. Be1 f5 52. Kd3 Nf6
53. Bd2 Nh5 54. Be1 Kd5 55. Ke3 f4+ 56. gxf4 exf4+ 57. Kd3 Ke5 58. Ba5 Kf5 59.
Bb6 g3 60. Bg1 Kg4 61. Ke2 Ng7 62. Bb6 Nf5 63. h5 f3+ 64. Ke1 Kxh5 65. Kf1 Kg4
66. Ke1 Nd6 67. Kf1 Nc4 68. Bd4 Kh3 69. Kg1 Nd2 70. Kh1 f2 71. Bxf2 g2+ 0-1

[Event "Robert Silk Lady Masters"]
[Site "London, Great Eastern Hotel"]
[Date "1984.07.18"]
[Round "4"]
[White "Hoiberg, Nina"]
[Black "Khadilkar, Vasanti"]
[Result "1-0"]
[WhiteElo "2120"]
[BlackElo "1970"]
[PlyCount "45"]
[EventDate "1984.07.15"]
[EventType "tourn"]
[EventRounds "9"]
[EventCountry "ENG"]
[SourceTitle "BritBase"]
[Source "John Saunders"]
[SourceDate "2020.09.07"]
[SourceVersion "1"]
[SourceVersionDate "2020.09.07"]
[SourceQuality "2"]

1. e4 e5 2. Nf3 Nc6 3. Bc4 Nf6 4. Ng5 d5 5. exd5 Na5 6. Bb5+ c6 7. dxc6 bxc6 8.
Qf3 Rb8 9. Bxc6+ Nxc6 10. Qxc6+ Bd7 11. Qc4 Qe7 12. Nc3 Rb4 13. Qe2 Rg4 14. d3
h6 15. Nge4 Nxe4 16. dxe4 Rxg2 17. Be3 Qb4 18. O-O-O Bc5 19. Qf3 Bxe3+ 20. fxe3
Rg5 21. Rxd7 Kxd7 22. h4 Rb8 23. Nd1 1-0

[Event "Robert Silk Lady Masters"]
[Site "London, Great Eastern Hotel"]
[Date "1984.07.18"]
[Round "4"]
[White "Khadilkar, Jayshree"]
[Black "Needham, Teresa"]
[Result "1/2-1/2"]
[WhiteElo "1970"]
[BlackElo "2075"]
[PlyCount "43"]
[EventDate "1984.07.15"]
[EventType "tourn"]
[EventRounds "9"]
[EventCountry "ENG"]
[SourceTitle "BritBase"]
[Source "John Saunders"]
[SourceDate "2020.09.07"]
[SourceVersion "1"]
[SourceVersionDate "2020.09.07"]
[SourceQuality "2"]

1. e4 c5 2. Nf3 Nc6 3. d4 cxd4 4. Nxd4 Nf6 5. Nc3 d6 6. Bg5 e6 7. Qd2 Be7 8.
O-O-O a6 9. f4 O-O 10. Bc4 Qc7 11. Bb3 Rd8 12. Rhe1 Nxd4 13. Qxd4 b5 14. f5 e5
15. Qd2 Bb7 16. Bxf6 Bxf6 17. Nd5 Bxd5 18. Bxd5 Rac8 19. Kb1 a5 20. g3 Qc5 21.
Rc1 h6 22. h4 1/2-1/2

[Event "Robert Silk Lady Masters"]
[Site "London, Great Eastern Hotel"]
[Date "1984.07.18"]
[Round "4"]
[White "Lalic, Susan Kathryn"]
[Black "Milligan, Helen"]
[Result "1-0"]
[WhiteElo "1945"]
[BlackElo "1920"]
[PlyCount "97"]
[EventDate "1984.07.15"]
[EventType "tourn"]
[EventRounds "9"]
[EventCountry "ENG"]
[SourceTitle "BritBase"]
[Source "John Saunders"]
[SourceDate "2020.09.07"]
[SourceVersion "1"]
[SourceVersionDate "2020.09.07"]
[SourceQuality "2"]

1. e4 e5 2. Nf3 Nf6 3. d4 Nxe4 4. Bd3 d5 5. Nxe5 Nd7 6. Qe2 Nxe5 7. Bxe4 dxe4
8. Qxe4 Be6 9. dxe5 Bd5 10. Qg4 h5 11. Qh3 Qe7 12. f4 g5 13. Nc3 Bc6 14. Bd2 g4
15. Qg3 O-O-O 16. O-O-O Qe6 17. Qf2 b6 18. h3 Bc5 19. Qe2 Kb8 20. f5 Qxf5 21.
Rhf1 Qc8 22. Rxf7 gxh3 23. gxh3 Qxh3 24. e6 Rxd2 25. Kxd2 Re8 26. Re1 Be7 27.
Qe5 Bd6 28. Qe3 Qxe3+ 29. Rxe3 h4 30. e7 h3 31. Rxh3 Rxe7 32. Rxe7 Bxe7 33. Kd3
a5 34. Ne4 Kc8 35. Kd4 Kd7 36. Rh6 Bb7 37. Nf6+ Bxf6+ 38. Rxf6 Ba6 39. c4 Bb7
40. b3 Bc6 41. a3 Bb7 42. c5 b5 43. c6+ Bxc6 44. Kc5 Be4 45. Kxb5 Bc2 46. Ka4
c6 47. Rf2 Be4 48. Kxa5 Bd5 49. b4 1-0

[Event "Robert Silk Lady Masters"]
[Site "London, Great Eastern Hotel"]
[Date "1984.07.18"]
[Round "4"]
[White "Norman, Dinah"]
[Black "Khadilkar, Rohini"]
[Result "1/2-1/2"]
[WhiteElo "2015"]
[BlackElo "2115"]
[PlyCount "66"]
[EventDate "1984.07.15"]
[EventType "tourn"]
[EventRounds "9"]
[EventCountry "ENG"]
[SourceTitle "BritBase"]
[Source "John Saunders"]
[SourceDate "2020.09.07"]
[SourceVersion "1"]
[SourceVersionDate "2020.09.07"]
[SourceQuality "2"]

1. d4 Nf6 2. Nf3 g6 3. Bf4 Bg7 4. e3 d6 5. h3 O-O 6. Bc4 c6 7. a4 Nfd7 8. c3 e5
9. dxe5 dxe5 10. Bg5 Qe8 11. Qd6 e4 12. Nfd2 Qe5 13. Bf4 Qxd6 14. Bxd6 Re8 15.
Na3 Bf8 16. Bxf8 Kxf8 17. b4 f5 18. g3 Ne5 19. Nc2 Be6 20. Bxe6 Rxe6 21. Nd4
Re7 22. N2b3 Nbd7 23. Ke2 Nd3 24. h4 h5 25. Nc2 N7e5 26. Ne1 Rd8 27. Nd4 Kf7
28. a5 a6 29. Nxd3 Nxd3 30. Rab1 Ne5 31. Rhd1 Red7 32. Rb2 Kf6 33. Rbb1 Rd6
1/2-1/2

[Event "Robert Silk Lady Masters"]
[Site "London, Great Eastern Hotel"]
[Date "1984.07.19"]
[Round "5"]
[White "Hamid, Rani"]
[Black "Lalic, Susan Kathryn"]
[Result "0-1"]
[WhiteElo "2135"]
[BlackElo "1945"]
[PlyCount "66"]
[EventDate "1984.07.15"]
[EventType "tourn"]
[EventRounds "9"]
[EventCountry "ENG"]
[SourceTitle "BritBase"]
[Source "John Saunders"]
[SourceDate "2020.09.07"]
[SourceVersion "1"]
[SourceVersionDate "2020.09.07"]
[SourceQuality "2"]

1. e4 c5 2. Nf3 e6 3. d4 cxd4 4. Nxd4 Bc5 5. Nb3 Bb6 6. Bd3 Ne7 7. O-O O-O 8.
N1d2 Nbc6 9. Nc4 Bc7 10. Kh1 f5 11. exf5 Nxf5 12. Bxf5 Rxf5 13. Qg4 d5 14. Ne3
Rf4 15. Qe2 b6 16. c3 a5 17. Rd1 Ba6 18. Qe1 Qf8 19. Nxd5 exd5 20. Qe6+ Kh8 21.
Qxc6 Rc8 22. Be3 Rh4 23. Qxd5 Bxh2 24. g3 Bxg3+ 25. Kg2 Bb8 26. Rd4 Rh2+ 27.
Kg1 Re8 28. Re4 Rd8 29. Qg5 Bb7 30. Rh4 Rd5 31. Qg4 Rxh4 32. Qxh4 Qf3 33. Nd4
Rxd4 0-1

[Event "Robert Silk Lady Masters"]
[Site "London, Great Eastern Hotel"]
[Date "1984.07.19"]
[Round "5"]
[White "Khadilkar, Rohini"]
[Black "Hepworth, Mandy"]
[Result "1-0"]
[WhiteElo "2115"]
[BlackElo "1900"]
[PlyCount "49"]
[EventDate "1984.07.15"]
[EventType "tourn"]
[EventRounds "9"]
[EventCountry "ENG"]
[SourceTitle "BritBase"]
[Source "John Saunders"]
[SourceDate "2020.09.07"]
[SourceVersion "1"]
[SourceVersionDate "2020.09.07"]
[SourceQuality "2"]

1. e4 c5 2. Nf3 d6 3. d4 cxd4 4. Nxd4 Nf6 5. Nc3 a6 6. Be2 e6 7. O-O Be7 8. f4
Qc7 9. Kh1 Nbd7 10. a4 b6 11. Qe1 Bb7 12. Bf3 Qc4 13. Be3 g6 14. e5 Nd5 15.
Nxd5 Bxd5 16. b3 Qc7 17. Bxd5 exd5 18. e6 Nf8 19. exf7+ Kd8 20. f5 gxf5 21. Bg5
Kc8 22. Qxe7 Qxe7 23. Bxe7 Ng6 24. Rae1 Kd7 25. Nxf5 1-0

[Event "Robert Silk Lady Masters"]
[Site "London, Great Eastern Hotel"]
[Date "1984.07.19"]
[Round "5"]
[White "Milligan, Helen"]
[Black "Hoiberg, Nina"]
[Result "0-1"]
[WhiteElo "1920"]
[BlackElo "2120"]
[PlyCount "116"]
[EventDate "1984.07.15"]
[EventType "tourn"]
[EventRounds "9"]
[EventCountry "ENG"]
[SourceTitle "BritBase"]
[Source "John Saunders"]
[SourceDate "2020.09.07"]
[SourceVersion "1"]
[SourceVersionDate "2020.09.07"]
[SourceQuality "2"]

1. e4 e5 2. Nf3 Nc6 3. Bb5 Nd4 4. Nxd4 exd4 5. O-O c6 6. Ba4 Nf6 7. c3 Qb6 8.
d3 d6 9. Nd2 Bg4 10. Qe1 dxc3 11. Nc4 Qc5 12. Bb3 b5 13. e5 bxc4 14. exf6+ Qe5
15. Qxe5+ dxe5 16. Bxc4 c2 17. Re1 gxf6 18. f3 Bf5 19. Be3 Rb8 20. Rac1 Rxb2
21. Re2 a5 22. Rexc2 Rxc2 23. Rxc2 Bb4 24. Ba6 Kd7 25. Kf1 Ra8 26. Bc4 Be6 27.
Ke2 Bd5 28. d4 h5 29. Bd3 Re8 30. Kf2 Kd6 31. Bf5 Be6 32. Bd3 Bd5 33. Bf5 Rb8
34. Bc1 Kc7 35. Be3 Ba3 36. dxe5 fxe5 37. f4 Rb2 38. fxe5 Rxc2+ 39. Bxc2 Bxa2
40. Bd1 h4 41. g3 hxg3+ 42. Kxg3 Kd7 43. h4 Ke6 44. h5 Kxe5 45. Bc2 f5 46. h6
Bg8 47. Bb3 Bh7 48. Kf3 Bb4 49. Bc1 Kd4 50. Kf4 Kc3 51. Be6 Kc2 52. Be3 Kd3 53.
Bc1 Bd6+ 54. Kg5 Kd4 55. Bf7 Bf8 56. Bg6 Bxh6+ 57. Kxh6 Bxg6 58. Kxg6 f4 0-1